MARC details
| 000 -LEADER |
| fixed length control field |
01134nam a2200253Ia 4500 |
| 003 - CONTROL NUMBER IDENTIFIER |
| control field |
IN-BaIIA |
| 008 - FIXED-LENGTH DATA ELEMENTS--GENERAL INFORMATION |
| fixed length control field |
211028s9999 xx 000 0 eng d |
| 020 ## - INTERNATIONAL STANDARD BOOK NUMBER |
| International Standard Book Number |
0-902553-29-1 |
| 040 ## - CATALOGING SOURCE |
| Transcribing agency |
IIA Library |
| 080 ## - UNIVERSAL DECIMAL CLASSIFICATION NUMBER |
| Universal Decimal Classification number |
524.5(063) |
| Item number |
LAB |
| 111 ## - MAIN ENTRY--MEETING NAME |
| Meeting name or jurisdiction name as entry element |
Workshop on Laboratory and Observational Infrared Spectra of Interstellar Dust |
| Location of meeting |
US |
| Date of meeting or treaty signing |
1983 July 18-20 |
| 9 (RLIN) |
13443 |
| 245 #0 - TITLE STATEMENT |
| Title |
Laboratory and observational infrared spectra of interstellar dust |
| Remainder of title |
proceedings of the workshop on laboratory and observational infrared spectra of interstellar dust held in Hilo, Hawaii, US, 18-20 July 1983 |
| Statement of responsibility, etc. |
edited by R. D. Wolstencroft and Mayo J. Greenberg |
| 260 ## - PUBLICATION, DISTRIBUTION, ETC. |
| Place of publication, distribution, etc. |
Edingburgh |
| Name of publisher, distributor, etc. |
Royal Observatory |
| Date of publication, distribution, etc. |
1984 |
| 300 ## - PHYSICAL DESCRIPTION |
| Extent |
vii, 174p. |
| 490 ## - SERIES STATEMENT |
| Series statement |
Occasional reports of the Royal Observatory; no.12 |
| 650 ## - SUBJECT ADDED ENTRY--TOPICAL TERM |
| Topical term or geographic name entry element |
Astronomy and astrophysics thesaurus |
| 650 ## - SUBJECT ADDED ENTRY--TOPICAL TERM |
| Topical term or geographic name entry element |
Infrared spectra |
| 9 (RLIN) |
5635 |
| 650 ## - SUBJECT ADDED ENTRY--TOPICAL TERM |
| Topical term or geographic name entry element |
Interstellar dust |
| 9 (RLIN) |
5398 |
| 650 ## - SUBJECT ADDED ENTRY--TOPICAL TERM |
| Topical term or geographic name entry element |
Interstellar medium |
| 9 (RLIN) |
3375 |
| 700 ## - ADDED ENTRY--PERSONAL NAME |
| Personal name |
Greenberg, Mayo J., ed. |
| 9 (RLIN) |
7680 |
| 700 ## - ADDED ENTRY--PERSONAL NAME |
| Personal name |
Wolstencroft, R. D., ed. |
| 9 (RLIN) |
13444 |
| 710 ## - ADDED ENTRY--CORPORATE NAME |
| Corporate name or jurisdiction name as entry element |
Royal Observatory |
| 9 (RLIN) |
13445 |
| 942 ## - ADDED ENTRY ELEMENTS (KOHA) |
| Koha item type |
Books |